Easy general knowledge#11 - Statistics

General Stats
  • This quiz has been taken 33 times
  • The average score is 5 of 16
Answer Stats
Hint Answer % Correct
12 x 3 36
96%
what is the symbol for gold Au
82%
What is the hardest natural substance on earth Diamond
64%
In what year was the first iPhone released 2007
61%
how many f1 teams compete on the grid 10
46%
what year did elvis presley die 1977
43%
What is the largest desert in the world Antarctic
32%
what is Spain's busiest cruise port barcelona
29%
who was the prime minister of britain from 1937-1940 Neville Chamberlain
25%
when was the battle of midway 1942
21%
what is petrology the study of Rocks
21%
who is the manager of coventry city frank lampard
7%
What city in russia has a population of 115 and has 2 letters in its name Ik
7%
where is red dog mine alaska
4%
who won the 2013 fa cup final wigan
4%
what is the national animal of nepal cow
0%
No matching quizzes found
Score Distribution
Percent of People with Each Score
Percentile by Number Answered
Your Score History
You have not taken this quiz